MARC details
| 000 -LEADER |
| fixed length control field |
02433cam a2200373 i 4500 |
| 001 - CONTROL NUMBER |
| control field |
20818220 |
| 003 - CONTROL NUMBER IDENTIFIER |
| control field |
GZU |
| 005 - DATE AND TIME OF LATEST TRANSACTION |
| control field |
20220609153120.0 |
| 008 - FIXED-LENGTH DATA ELEMENTS--GENERAL INFORMATION |
| fixed length control field |
190122s2019 nyua b 000 0 eng |
| 010 ## - LIBRARY OF CONGRESS CONTROL NUMBER |
| LC control number |
2018056269 |
| 020 ## - INTERNATIONAL STANDARD BOOK NUMBER |
| International Standard Book Number |
9780374191337 (hardcover) |
| 020 ## - INTERNATIONAL STANDARD BOOK NUMBER |
| International Standard Book Number |
0374191336 (hardcover) |
| 020 ## - INTERNATIONAL STANDARD BOOK NUMBER |
| International Standard Book Number |
9781529015836 |
| 040 ## - CATALOGING SOURCE |
| Original cataloging agency |
DLC |
| Language of cataloging |
eng |
| Transcribing agency |
DLC |
| Description conventions |
rda |
| Modifying agency |
DLC |
| 042 ## - AUTHENTICATION CODE |
| Authentication code |
pcc |
| 050 00 - LIBRARY OF CONGRESS CALL NUMBER |
| Classification number |
QC981.8. |
| Item number |
RIC 2019 |
| 100 1# - MAIN ENTRY--PERSONAL NAME |
| Personal name |
Rich, Nathaniel, |
| Dates associated with a name |
1980- |
| Relator term |
author. |
| 245 10 - TITLE STATEMENT |
| Title |
Losing Earth : |
| Remainder of title |
the decade we could have stopped climate change / |
| Statement of responsibility, etc. |
Nathaniel Rich. |
| 250 ## - EDITION STATEMENT |
| Edition statement |
First edition. |
| 264 #1 - PRODUCTION, PUBLICATION, DISTRIBUTION, MANUFACTURE, AND COPYRIGHT NOTICE |
| Place of production, publication, distribution, manufacture |
New York : |
| Name of producer, publisher, distributor, manufacturer |
MCD/Farrar, Straus and Giroux, |
| Date of production, publication, distribution, manufacture, or copyright notice |
[2019] |
| 300 ## - PHYSICAL DESCRIPTION |
| Extent |
x, 206 pages : |
| Other physical details |
illustrations ; |
| Dimensions |
22 cm |
| 336 ## - CONTENT TYPE |
| Content type term |
text |
| Content type code |
txt |
| Source |
rdacontent |
| 337 ## - MEDIA TYPE |
| Media type term |
unmediated |
| Media type code |
n |
| Source |
rdamedia |
| 338 ## - CARRIER TYPE |
| Carrier type term |
volume |
| Carrier type code |
nc |
| Source |
rdacarrier |
| 504 ## - BIBLIOGRAPHY, ETC. NOTE |
| Bibliography, etc. note |
Includes bibliographical references (pages 205-206). |
| 505 0# - FORMATTED CONTENTS NOTE |
| Formatted contents note |
Introduction : the reckoning -- Part I. Shouts in the street : 1979-1982. The whole banana : spring 1979 -- Mirror worlds : spring 1979 -- Between clambake and chaos : July 1979 -- Enter Cassandra, raving : 1979-1980 -- A very aggressive defensive program : 1979-1980 -- Tiger on the road : October 1980 -- A deluge most unnatural : November 1980-September 1981 -- Heroes and villains : March 1982 -- The direction of an impending catastrophe : 1982 -- Part II. Bad science fiction : 1983-1988. Caution not panic : 1983-1984 -- The world of action : 1985 -- The ozone in October : fall 1985-summer 1986 -- Atmospheric scientist, New York, N.Y. : fall 1987-spring 1988 -- Part III. You will see things that you shall believe : 1988-1989. Nothing but bonfires : summer 1988 -- Signal weather : June 1988 -- Woodstock for climate change : June 1988-April 1989 -- Fragmented world : fall 1988 -- The great includer and the old engineer : spring 1989 -- Natural processes : May 1989 -- The White House effect : spring-fall 1989 -- Skunks at the garden party : November 1989 -- Afterword : glass-bottomed boats. |
| 650 #0 - SUBJECT ADDED ENTRY--TOPICAL TERM |
| Topical term or geographic name entry element |
Global warming |
| General subdivision |
History. |
| 650 #0 - SUBJECT ADDED ENTRY--TOPICAL TERM |
| Topical term or geographic name entry element |
Global environmental change |
| General subdivision |
History. |
| 650 #0 - SUBJECT ADDED ENTRY--TOPICAL TERM |
| Topical term or geographic name entry element |
Carbon dioxide |
| General subdivision |
Environmental aspects. |
| 650 #0 - SUBJECT ADDED ENTRY--TOPICAL TERM |
| Topical term or geographic name entry element |
Petroleum industry and trade |
| General subdivision |
History. |
| 906 ## - LOCAL DATA ELEMENT F, LDF (RLIN) |
| a |
7 |
| b |
cbc |
| c |
orignew |
| d |
1 |
| e |
ecip |
| f |
20 |
| g |
y-gencatlg |
| 942 ## - ADDED ENTRY ELEMENTS (KOHA) |
| Source of classification or shelving scheme |
Library of Congress Classification |
| Koha item type |
Books |
| Classification part |
981.8 |
| Item part |
RIC |
| Call number prefix |
QC |